00681nam a2200193Ia 450000500170000000800410001702000180005804000180007604100080009408200220010210000190012424501300014325000120027326000700028530000280035565000440038365000270042765000330045420230509102703.0210716s2010 xx 000 0 und d a9788184049299 cAIMIT LIBRARY aeng a004.607 21bPORT aPorst, Tracey. aJoomla 1.5 content administration:bkeep your website up to date and maintain content and users with ease /cBy Tracey Porst. a1st ed. aNew Delhi :bShroff Publishers and Distributors Pvt Ltd ,c2010. avi, 196p. ;bPBc22 cm. aCreating editing and organizing content aManaging images videos aMenus modules and components